000 00726cam a2200217 i 4500
001 42441
003 Mx-PuUPA
005 20260430122308.0
008 140415s2022 mx gr 000 0 spa d
020 _a786079998332
040 _cMx-PuUPA
041 _aspa
082 0 4 _axx
_bxx
_223
100 1 _aSánchez Muñoz, Rubén
_eautor
_96583
245 _aLa vivencia religiosa en Edith Stein :
_ba cien años de su conversión y ochenta de su muerte /
_cRubén Sánchez Muñoz
250 _aPrimera edición
264 1 _aCiudad de México :
_bLAMBDA Editorial,
_c2022
300 _a133 páginas ;
_c21 cm
942 _2ddc
_cLI
_hxx
_ixx
999 _c42441
_d42441